| 000 | 01512nam0a22002891 4500 | ||
|---|---|---|---|
| 001 | rc\2938415 | ||
| 005 | 20110824110144.5 | ||
| 035 | _a(NLR Aleph) 007087383 | ||
| 090 |
_a6538685 _c6538685 |
||
| 100 | _a20110824d1933 |||y0rusy50 ca | ||
| 101 | 0 | _arus | |
| 102 | _aRU | ||
| 105 | _ay c ||||| | ||
| 200 | 1 |
_aРеволюционное движение в России XVII-XX в. в. _eСистематич. указатель лит-ры, вышедшей в 1929-1931 г. г. _fСост. Р.С. Мандельштам _gВсесоюз. о-во полит. каторжан и ссыльно-поселенцев |
|
| 210 |
_aМосква _cБ. и. _d1933 _gтип. "Искра революции" |
||
| 215 |
_a80 с., 1 с. "Содержание" на обл. _d21х14 см |
||
| 300 | _aПрил. к журн. "Каторга и ссылка" за 1933 г., № 1(98)-2(99) | ||
| 300 | _aЭкз. на ш.: П22/25 припл. к журн. "Каторга и ссылка" за 1933, № 1(98)-2(99) | ||
| 422 | 0 |
_12001#$aКаторга и ссылка$v1933, № 1(98)-2(99) _1899##$aNLR$jП22/25 |
|
| 700 | 1 |
_aМандельштам _bР. С. _f1875- _gРоза Семеновна |
|
| 712 | 0 | 2 |
_aВсесоюзное общество политических каторжан и ссыльно-поселенцев _3RU\NLR\AUTH\889976457 _4570 |
| 801 | 0 |
_aRU _bNLR _gpsbo |
|
| 801 | 1 |
_aRU _bELAR _2rusmarc |
|
| 852 |
_aNLR _bС _j469-420/М23 |
||
| 852 |
_aNLR _jП22/25прил. |
||
| 942 | _cBOOK | ||
| 980 | _aNB | ||